[Event "ROM-ch U08"]
[Site "Calimanesti"]
[Date "2014.04.10"]
[Round "6"]
[White "Mainescu, Andrei Cristian"]
[Black "Nicodin, David Adrian"]
[Result "1-0"]
[WhiteElo "1261"]
[BlackElo "1197"]
[PlyCount "83"]
[EventDate "2014.04.06"]
[EventType "swiss"]
[EventRounds "9"]
[EventCountry "ROU"]
[SourceTitle "CBM 160 Extra"]
[Source "ChessBase"]
[SourceDate "2014.07.01"]
[SourceVersion "1"]
[SourceVersionDate "2014.07.01"]
[SourceQuality "1"]

1. e4 c5 2. Nf3 Nc6 3. Bc4 e6 4. 0-0 d5 5. exd5 exd5 6. Re1+ Be7 7. Bb5 Nf6 8. Qe2 Ng8 9. d4 c4 10. b3 a6 11. Bxc6+ bxc6 12. bxc4 Be6 13. c5 Bg4 14. Bf4 Bxf3 15. Qxf3 Kf8 16. Nc3 g5 17. Be5 f6 18. Bg3 h5 19. h4 g4 20. Qf5 Ra7 21. Re2 Qd7 22. Qf4 f5 23. Qb8+ Kf7 24. Rae1 Rb7 25. Rxe7+ Nxe7 26. Qxh8 Kg6 27. Qe5 Kf7 28. Qd6 Qe8 29. Qe6+ Kf8 30. Bd6 Ra7 31. Qxf5+ Kg7 32. Qe5+ Kf8 33. Bxe7+ Rxe7 34. Qxe7+ Qxe7 35. Rxe7 Kxe7 36. f3 g3 37. Ne2 Ke6 38. Nxg3 Kf6 39. Nxh5+ Kg6 40. Nf4+ Kf6 41. g4 Kg7 42. Kg2 1-0